000 00562nam a22001817a 4500
005 20231108151643.0
010 _aENG-138309
020 _c795.00
_a9789390649891
035 _aEN-121841
037 _bDBAD/PUB
082 _a796
100 _aKarikalan, I.
_958390
245 _asports biomechanics and kinesiology/
_cby I.Karikalan and S.Muneeswaran
_hEnglish
260 _c2021
_bFriends publications
_aDarya ganj
270 _a101-103,4787/23, Ansari road
_bNew Delhi
_e110002
300 _a192p.
_c22cm(hbk)
942 _2ddc
_cEN
_mKAR
_h796
999 _c199023
_d199023